• Dallapiccola B., Palazzani L., Olivetti M., Risé C., Galeotti G., Poterzio F.,

di Personal Name

Records bibliografici associati: 1

001 - CONTROL NUMBER

  • control field: 60274

003 - CONTROL NUMBER IDENTIFIER

  • control field:

005 - DATE AND TIME OF LATEST TRANSACTION

  • control field: 20231016114434.0

008 - FIXED-LENGTH DATA ELEMENTS

  • fixed length control field: 231016|| aca||aabn | a|a d

040 ## - CATALOGING SOURCE

  • Original cataloging agency:
  • Transcribing agency:

100 ## - HEADING--PERSONAL NAME

  • Personal name: Dallapiccola B., Palazzani L., Olivetti M., Risé C., Galeotti G., Poterzio F.,
  • Personal name: Roccella E., Lacroix X., Xrenes J

670 ## - SOURCE DATA FOUND

  • Source citation: Work cat.: ()208446: Scaraffia Lucetta (et al.) 60273, Identità e genere, 2007
CREDITS: SOCIETA' SAN PAOLO Via A.Severo, 58 - ROMA (RM) & PERIODICI SAN PAOLO SRL Via Giotto, 36 MILANO & CISF Via Giotto, 36 MILANO & EDIZIONI SAN PAOLO SRL,  Piazza Soncino, 5 CINISELLO BALSAMO (MI) -- ITALY